Сочетание базового и вариативного компонентов в гуманитарной подготовке технического университета; Технический университет: реформы в обществе и открытое образовательное пространство; Т. 2

Dettagli Bibliografici
Parent link:Технический университет: реформы в обществе и открытое образовательное пространство: труды Международной научно-практической конференции, 14-17 мая 1996 г., Томск/ Томский политехнический университет.— , 1996
Т. 2.— 1996.— C. 8-9
Autore principale: Камышев Э. Н. Эдуард Николаевич
Lingua:russo
Pubblicazione: 1996
Soggetti:
Natura: MixedMaterials Capitolo di libro
KOHA link:https://koha.lib.tpu.ru/cgi-bin/koha/opac-detail.pl?biblionumber=230638

MARC

LEADER 00000naa2a2200000 4500
001 230638
005 20231031202553.0
035 |a (RuTPU)RU\TPU\book\251542 
035 |a RU\TPU\book\251539 
090 |a 230638 
100 |a 20130123d1996 k y0rusy50 ca 
101 0 |a rus 
102 |a RU 
200 1 |a Сочетание базового и вариативного компонентов в гуманитарной подготовке технического университета  |f Э. Н. Камышев 
461 1 |0 (RuTPU)RU\TPU\book\127170  |t Технический университет: реформы в обществе и открытое образовательное пространство  |o труды Международной научно-практической конференции, 14-17 мая 1996 г., Томск  |o в 2 т.  |f Томский политехнический университет  |d 1996 
463 1 |0 (RuTPU)RU\TPU\book\13019  |t Т. 2  |v C. 8-9  |d 1996  |p 158 с. 
610 1 |a труды учёных ТПУ 
675 |a 62(063)  |v 3 
700 1 |a Камышев  |b Э. Н.  |c российский ученый  |c профессор кафедры социологии, психологии и права ТПУ  |f 1943-  |g Эдуард Николаевич  |2 stltpush  |3 (RuTPU)RU\TPU\pers\19796 
801 1 |a RU  |b 63413507  |c 20030522  |g PSBO 
801 2 |a RU  |b 63413507  |c 20130123  |g PSBO 
942 |c BK